Grant Hill : basketball all-star = estrella del basketball /

Introduces the former Duke University basketball star, Grant Hill, who now plays for the Detroit Pistons.

Bibliographic Details
Main Author: Kirkpatrick, Rob
Format: Book
Language:English
Spanish
Published: New York : PowerKids Press : Buenas Letras, 2002.
Edition:1st bilingual ed.
Series:Reading power.
Subjects:

MARC

Tag First Indicator Second Indicator Subfields
LEADER 00000cam a22000004a 4500
001 in00001652321
005 20230925111211.0
008 020315s2002 nyua j b 001 0beng
010 |a  2002278346 
019 |a 48659694 
020 |a 0823961435 
020 |a 9780823961436 
029 1 |a AU@  |b 000025404537 
035 |a (OCoLC)ocm54802865  
035 |a (OCoLC)54802865  |z (OCoLC)48659694 
035 |a (OCoLC)ocm54802865  
037 |a 1035738  |b QBI 
040 |a DLC  |b eng  |c DLC  |d VVW  |d QBX  |d BAKER  |d BTCTA  |d IG#  |d BDX  |d OCLCF  |d OCLCQ  |d OCLCO  |d ALPEL  |d OCLCQ  |d OCLCO  |d OCL  |d OCLCQ 
041 0 |a eng  |a spa 
042 |a pcc  |a cyac 
043 |a n-us--- 
050 0 0 |a GV884.H45  |b K5718 2002 
082 0 0 |a 796.323/092  |a B  |2 22 
100 1 |a Kirkpatrick, Rob. 
240 1 0 |a Grant Hill.  |l Spanish & English 
245 1 0 |a Grant Hill :  |b basketball all-star = estrella del basketball /  |c Rob Kirkpatrick ; traducción al español Mauricio Velázquez de León. 
250 |a 1st bilingual ed. 
260 |a New York :  |b PowerKids Press :  |b Buenas Letras,  |c 2002. 
300 |a 24 pages :  |b color illustrations ;  |c 24 cm. 
336 |a text  |b txt  |2 rdacontent 
337 |a unmediated  |b n  |2 rdamedia 
338 |a volume  |b nc  |2 rdacarrier 
490 1 |a Reading power 
504 |a Includes bibliographical references and index. 
520 |a Introduces the former Duke University basketball star, Grant Hill, who now plays for the Detroit Pistons. 
600 1 0 |a Hill, Grant  |v Juvenile literature. 
650 0 |a Basketball players  |z United States  |v Biography  |v Juvenile literature. 
600 1 1 |a Hill, Grant. 
650 1 |a Basketball players. 
650 1 |a African Americans  |v Biography. 
650 1 |a Spanish language materials. 
650 1 |a Bilingual books. 
600 1 7 |a Hill, Grant,  |d 1972-  |2 fast  |0 (OCoLC)fst01719034 
650 7 |a Basketball players.  |2 fast  |0 (OCoLC)fst00828280 
651 7 |a United States.  |2 fast  |0 (OCoLC)fst01204155 
655 7 |a Biographies.  |2 fast  |0 (OCoLC)fst01919896 
655 7 |a Juvenile works.  |2 fast  |0 (OCoLC)fst01411637 
830 0 |a Reading power.  |l Spanish & English. 
938 |a Baker & Taylor  |b BKTY  |c 21.25  |d 21.25  |i 0823961435  |n 0003826981  |s active 
938 |a Brodart  |b BROD  |n 57906475  |c $21.25 
938 |a Baker and Taylor  |b BTCP  |n 2002278346 
938 |a Ingram  |b INGR  |n 9780823961436 
938 |a Quality Books, Inc.  |b QUAL  |n qbi01500322 
948 |h HELD BY TXA - 81 OTHER HOLDINGS 
994 |a Z0  |b TXA 
999 f f |s 74013919-9471-34d5-b34f-31f5ecf1e88c  |i 3b5e6846-df0c-3eb8-8b34-455663126360  |t 0 
952 f f |p ric  |a Texas A&M University  |b Rellis Campus  |c Joint Library Facility  |d Remote Storage  |t 0  |e GV884.H55 K5718 2002  |h Library of Congress classification  |i unmediated -- volume  |m A14828402516 
998 f f |a GV884.H55 K5718 2002  |t 0  |l Remote Storage